[Event "World Blitz 2015"]
[Site "Berlin GER"]
[Date "2015.10.13"]
[Round "1.84"]
[White "Ivanisevic, Ivan"]
[Black "Bruedigam, Martin"]
[Result "1-0"]
[WhiteTitle "GM"]
[BlackTitle "FM"]
[WhiteElo "2653"]
[BlackElo "2375"]
[WhiteFideId "912417"]
[BlackFideId "24608033"]
[EventDate "2015.10.13"]

1. d4 Nf6 2. c4 e6 3. Nc3 Bb4 4. Qc2 Nc6 5. e3 d6 6. Ne2 O-O 7. a3 Bxc3+ 8. Nxc3
e5 9. d5 Ne7 10. b3 Bf5 11. e4 Bc8 12. Be2 a5 13. O-O Ng6 14. Be3 b6 15. b4 Ng4
16. Bxg4 Bxg4 17. c5 f5 18. f3 f4 19. Bf2 Bd7 20. Rfc1 bxc5 21. bxc5 Qg5 22. Qe2
Bc8 23. a4 Ba6 24. Nb5 Rfb8 25. cxd6 cxd6 26. Rc6 Qd8 27. Rac1 Ne7 28. Rc7 Rc8
29. Bb6 Rxc7 30. Rxc7 Qe8 31. Qc4 Rb8 32. Bxa5 Bxb5 33. axb5 Rxb5 34. Bb4 Qb8
35. Bd2 Qb6+ 36. Kf1 Rb1+ 37. Bc1 Kf7 38. Rd7 Qe3 39. Rc7 Qb6 40. g3 fxg3 41.
hxg3 Qe3 1-0

[Event "World Blitz 2015"]
[Site "Berlin GER"]
[Date "2015.10.13"]
[Round "1.85"]
[White "Vogel, Roven"]
[Black "Belov, Vladimir"]
[Result "0-1"]
[BlackTitle "GM"]
[WhiteElo "2417"]
[BlackElo "2614"]
[WhiteFideId "12908088"]
[BlackFideId "4132394"]
[EventDate "2015.10.13"]

1. Nf3 Nf6 2. c4 c6 3. d4 d5 4. Nc3 e6 5. e3 Nbd7 6. Bd3 dxc4 7. Bxc4 b5 8. Bd3
Bd6 9. O-O O-O 10. Qc2 Bb7 11. Bd2 Rc8 12. a4 b4 13. Ne4 Nxe4 14. Bxe4 Nf6 15.
Rac1 Qe7 16. b3 Nxe4 17. Qxe4 c5 18. Qg4 Bxf3 19. Qxf3 cxd4 20. exd4 Qh4 21. g3
Qxd4 22. Rxc8 Rxc8 23. Qb7 Rb8 24. Be3 Rxb7 25. Bxd4 e5 26. Be3 Kf8 27. Rd1 Ke7
28. Rd5 Rc7 29. Ra5 Rc3 30. Rxa7+ Ke6 31. Ra6 Kd5 32. Ra5+ Ke6 33. Ra6 f5 34. a5
Kd5 35. Rb6 Rxb3 36. a6 Ra3 37. Bd2 b3 38. Kg2 Bc5 39. Rb7 Kc4 40. Bc1 Rxa6 41.
Rxg7 Bd4 42. Rc7+ Kd3 43. Rb7 Rb6 0-1

[Event "World Blitz 2015"]
[Site "Berlin GER"]
[Date "2015.10.13"]
[Round "1.86"]
[White "Roiz, Michael"]
[Black "Sawlin, Leonid"]
[Result "1/2-1/2"]
[WhiteTitle "GM"]
[WhiteElo "2600"]
[BlackElo "2258"]
[WhiteFideId "2804158"]
[BlackFideId "4689542"]
[EventDate "2015.10.13"]

1. Nf3 d5 2. g3 g6 3. Bg2 Bg7 4. d4 Nf6 5. c4 c6 6. Qa4 e6 7. O-O O-O 8. Qc2
Nbd7 9. Bf4 Re8 10. Rd1 h6 11. Nc3 dxc4 12. Ne5 Nb6 13. e4 Qe7 14. Qe2 Rd8 15.
Nxc4 Nxc4 16. Qxc4 Nd7 17. Qd3 b6 18. Qc2 Bb7 19. e5 Rac8 20. Be3 Nf8 21. f4 h5
22. Rac1 Nd7 23. Bf2 b5 24. Ne4 Nb6 25. Nc5 Nd5 26. Qe2 a5 27. a3 a4 28. Rc2 Rc7
29. Rdc1 Rcc8 30. Be4 Ba8 31. Qf3 Qa7 32. Kg2 Bf8 33. h3 Bh6 34. Nd3 Qb7 35. Nc5
Qe7 36. Nd3 Qb7 37. Be1 Qe7 38. Ba5 Rd7 39. Nc5 Ra7 40. Bd2 Rd8 41. g4 hxg4 42.
hxg4 f5 43. exf6 Nxf6 44. g5 Nxe4 45. Qxe4 Bg7 46. Be3 Kf7 47. Rh1 Rd5 48. Rh7
Qe8 49. Rc1 Re7 50. Kg3 Kg8 51. Rch1 Qf7 52. R1h6 Qf5 53. Rh1 Qxe4 54. Nxe4 c5
55. Nxc5 Rxc5 56. dxc5 Bxh1 57. Rxh1 Bxb2 58. Rb1 Bxa3 59. Rxb5 Rc7 60. Ra5 Kf7
61. Kf3 Bb4 62. Rxa4 Bxc5 63. Bxc5 Rxc5 64. Ra7+ Kf8 65. Ke4 Rb5 66. Rc7 Ra5 67.
Rd7 Rb5 68. Ra7 Rc5 1/2-1/2

[Event "World Blitz 2015"]
[Site "Berlin GER"]
[Date "2015.10.13"]
[Round "1.87"]
[White "Cordeiro, Marco Aurelio Zaror"]
[Black "Fedorchuk, Sergey A."]
[Result "1-0"]
[BlackTitle "GM"]
[WhiteElo "2228"]
[BlackElo "2635"]
[WhiteFideId "2117991"]
[BlackFideId "14102536"]
[EventDate "2015.10.13"]

1. e4 c5 2. Nc3 e6 3. f4 b6 4. Nf3 Bb7 5. g3 Nf6 6. d3 d5 7. e5 d4 8. exf6 dxc3
9. bxc3 Qxf6 10. Bd2 Qd8 11. Bg2 Be7 12. O-O O-O 13. Qe2 Nd7 14. Rae1 Bf6 15.
Ne5 Bxg2 16. Qxg2 Nxe5 17. fxe5 Be7 18. Re4 Qd5 19. c4 Qd7 20. Ref4 Rad8 21. Qe4
Bg5 22. R4f2 Bxd2 23. Rxd2 Qa4 24. Rdf2 Rd4 25. Rxf7 Rfd8 26. Qb7 R4d7 27. Qf3
h6 28. Qh5 Qxc2 29. Qg6 1-0

[Event "World Blitz 2015"]
[Site "Berlin GER"]
[Date "2015.10.13"]
[Round "1.88"]
[White "Kryvoruchko, Yuriy"]
[Black "Choukri, Adel"]
[Result "1-0"]
[WhiteTitle "GM"]
[BlackTitle "CM"]
[WhiteElo "2710"]
[BlackElo "2199"]
[WhiteFideId "14109182"]
[BlackFideId "9000399"]
[EventDate "2015.10.13"]

1. e4 e6 2. d4 d5 3. Nd2 Nf6 4. e5 Nfd7 5. Bd3 c5 6. c3 Nc6 7. Ne2 cxd4 8. cxd4
f6 9. exf6 Nxf6 10. O-O Bd6 11. Nf3 Qc7 12. g3 O-O 13. Bf4 Ng4 14. Rc1 Bxf4 15.
Nxf4 Rxf4 16. gxf4 Qxf4 17. h3 e5 18. hxg4 e4 19. Be2 Qxg4+ 20. Kh1 exf3 21.
Bxf3 Qh4+ 22. Kg1 Qg5+ 23. Bg2 Bg4 24. Qb3 Rd8 25. Qe3 Qg6 26. Rc5 Rf8 27. f4
Bf5 28. Rxd5 Re8 29. Qf2 Be4 30. Rg5 Qf6 31. Rd1 h6 32. Rg3 Bf5 33. Re3 Rd8 34.
d5 Ne7 35. Re5 Ng6 36. Rf1 Bg4 37. Qg3 Nxe5 38. fxe5 Qb6+ 39. Kh2 h5 40. e6 Qxb2
41. e7 Re8 42. d6 Qd4 43. Qf4 Qxf4+ 44. Rxf4 Bd7 45. Bd5+ Kh7 46. Rf8 Kh6 47.
Bf7 1-0

[Event "World Blitz 2015"]
[Site "Berlin GER"]
[Date "2015.10.13"]
[Round "1.89"]
[White "Thornton, Giovanni Antonio"]
[Black "Inarkiev, Ernesto"]
[Result "0-1"]
[BlackTitle "GM"]
[WhiteElo "2207"]
[BlackElo "2660"]
[WhiteFideId "4300963"]
[BlackFideId "4162722"]
[EventDate "2015.10.13"]

1. Nf3 d5 2. d4 Nf6 3. e3 c5 4. c4 cxd4 5. exd4 Nc6 6. Nc3 g6 7. Be3 Bg7 8. h3
O-O 9. Be2 b6 10. O-O Bb7 11. Rc1 dxc4 12. Bxc4 Rc8 13. Qe2 Nb4 14. Ne5 Nbd5 15.
Nxd5 Nxd5 16. Rfd1 Qd6 17. Nf3 Rc7 18. Ba6 Ba8 19. Rxc7 Nxc7 20. Bc4 Bd5 21. Bg5
Ne6 22. Bh4 Nf4 23. Qf1 Nxh3+ 24. gxh3 Bxf3 25. Bg3 Qd7 26. Bb5 Qf5 27. Rd2 Rc8
28. Kh2 Bh6 29. Bd3 Qd5 30. Rc2 Rxc2 31. Bxc2 Qxd4 32. Bb3 Bf4 33. Qb5 Qxf2# 0-1

[Event "World Blitz 2015"]
[Site "Berlin GER"]
[Date "2015.10.13"]
[Round "1.91"]
[White "Zepeda, Lorena"]
[Black "Moiseenko, Alexander"]
[Result "0-1"]
[WhiteTitle "WIM"]
[BlackTitle "GM"]
[WhiteElo "2106"]
[BlackElo "2692"]
[WhiteFideId "6700233"]
[BlackFideId "14102560"]
[EventDate "2015.10.13"]

1. e4 c5 2. Nf3 Nc6 3. d4 cxd4 4. Nxd4 Nf6 5. Nc3 e5 6. Ndb5 d6 7. Bg5 a6 8. Na3
b5 9. Nd5 Be7 10. Bxf6 Bxf6 11. c4 b4 12. Nc2 O-O 13. b3 Bg5 14. g3 a5 15. h4
Bh6 16. Bh3 Be6 17. Kf1 Ne7 18. Nxe7+ Qxe7 19. Kg2 Qb7 20. Bxe6 fxe6 21. Qe2 d5
22. cxd5 exd5 23. exd5 Qxd5+ 24. Kh2 Rac8 25. Rad1 Qf3 26. Qxf3 Rxf3 27. Ne1
Rxf2+ 28. Kh3 Rxa2 29. Nf3 e4 30. Nd4 e3 31. Rhe1 Re8 32. Nf5 e2 33. Nxh6+ gxh6
34. Rd7 Rb2 35. Rd3 Rc2 36. Kg4 Rc3 37. Rd2 Rxb3 38. Rexe2 Rxe2 39. Rxe2 Kf7 40.
Re5 a4 41. Rb5 a3 42. Ra5 Rb2 43. Ra4 a2 44. Ra7+ Ke6 0-1

[Event "World Blitz 2015"]
[Site "Berlin GER"]
[Date "2015.10.13"]
[Round "2.3"]
[White "Nepomniachtchi, Ian"]
[Black "Kasimdzhanov, Rustam"]
[Result "1/2-1/2"]
[WhiteTitle "GM"]
[BlackTitle "GM"]
[WhiteElo "2705"]
[BlackElo "2704"]
[WhiteFideId "4168119"]
[BlackFideId "14200244"]
[EventDate "2015.10.13"]

1. e4 e5 2. Nf3 Nc6 3. d4 exd4 4. Nxd4 Bc5 5. Nxc6 bxc6 6. Nc3 d6 7. Bd3 Nf6 8.
h3 h6 9. O-O O-O 10. Qf3 Rb8 11. Na4 Bd4 12. c3 Bb6 13. Bf4 Be6 14. Rfe1 Nd7 15.
Qg3 Qf6 16. Nxb6 axb6 17. Bc2 Ne5 18. a4 c5 19. Rad1 Ra8 20. Bc1 Qg6 21. Qxg6
fxg6 22. f4 Nc4 23. g4 Bf7 24. b3 Na5 25. c4 Nc6 26. Bb2 Rad8 27. Kg2 Rfe8 28.
h4 Re7 29. g5 h5 30. Re3 Rde8 31. Kf2 Nb4 32. Bb1 Nc6 33. Bc3 Be6 34. Rd2 Bf7
35. Bc2 Be6 36. Bd1 Bf5 37. e5 dxe5 38. fxe5 Nxe5 39. Kg2 Nc6 40. Rxe7 Rxe7 41.
Kf2 Be4 1/2-1/2

[Event "World Blitz 2015"]
[Site "Berlin GER"]
[Date "2015.10.13"]
[Round "2.4"]
[White "Anton Guijarro, David"]
[Black "Aronian, Levon"]
[Result "1-0"]
[WhiteTitle "GM"]
[BlackTitle "GM"]
[WhiteElo "2634"]
[BlackElo "2784"]
[WhiteFideId "2285525"]
[BlackFideId "13300474"]
[EventDate "2015.10.13"]

1. e4 e5 2. Nf3 Nc6 3. Bb5 a6 4. Ba4 Nf6 5. O-O Be7 6. d3 b5 7. Bb3 d6 8. c3 O-O
9. Nbd2 Na5 10. Bc2 c5 11. Re1 Re8 12. Nf1 Nc6 13. Ne3 h6 14. Bb3 Na5 15. Bd5
Nxd5 16. exd5 Bf8 17. b4 Nb7 18. Bb2 Bd7 19. a3 a5 20. Nd2 Qg5 21. Ne4 Qg6 22.
bxc5 dxc5 23. c4 b4 24. Nf1 Bg4 25. Qc2 f5 26. Ned2 Bd6 27. Kh1 e4 28. dxe4 fxe4
29. Nxe4 Bf5 30. f3 a4 31. Qd3 Na5 32. Re2 Nb3 33. Rae1 bxa3 34. Bxa3 Nd4 35.
Rb2 Bxe4 36. fxe4 Rab8 37. Rxb8 Rxb8 38. Bc1 Rb3 39. Qd1 Be5 40. Be3 Qxe4 41.
Bxd4 Rd3 42. Rxe4 Rxd1 43. Rxe5 cxd4 44. Kg1 a3 45. Re8+ Kf7 46. Ra8 Ra1 47. Kf2
Ra2+ 48. Kf3 Ke7 49. c5 Ra1 50. Nd2 a2 51. Ke2 Rc1 52. Rxa2 Rxc5 53. Kd3 Rxd5
54. Nf3 Kf6 55. Ke4 Rb5 56. Ra6+ Kf7 57. Nxd4 Rb2 58. Kf3 Kg8 59. Nf5 Rb5 60. g4
Rb3+ 61. Kf4 Rb4+ 62. Kg3 Rb3+ 63. Kh4 Rb7 64. Kh5 Kh7 65. h4 Rd7 66. g5 hxg5
67. hxg5 Kh8 68. Ra8+ 1-0

[Event "World Blitz 2015"]
[Site "Berlin GER"]
[Date "2015.10.13"]
[Round "2.7"]
[White "Navara, David"]
[Black "Zhang, Zhong"]
[Result "0-1"]
[WhiteTitle "GM"]
[BlackTitle "GM"]
[WhiteElo "2734"]
[BlackElo "2619"]
[WhiteFideId "309095"]
[BlackFideId "8600694"]
[EventDate "2015.10.13"]

1. d4 d5 2. c4 e6 3. Nc3 Be7 4. cxd5 exd5 5. Bf4 c6 6. Qc2 Bd6 7. Bxd6 Qxd6 8.
e3 Ne7 9. Bd3 Bg4 10. h3 Bh5 11. f4 Bg6 12. f5 Qg3+ 13. Kf1 Bh5 14. Qf2 Qxf2+
15. Kxf2 f6 16. g4 Bf7 17. Nf3 a5 18. Ne2 Na6 19. a3 Nc8 20. g5 Nd6 21. Rhg1 Nc7
22. Nf4 Ke7 23. h4 h6 24. gxf6+ gxf6 25. Ng6+ Bxg6 26. fxg6 Nce8 27. h5 Ng7 28.
Nh4 Rhe8 29. Ng2 Kf8 30. Raf1 Ke7 31. Nf4 f5 32. Rb1 Kf6 33. b3 Re7 34. Kf3 Rae8
35. Rge1 Kg5 36. Rb2 Kf6 37. b4 axb4 38. Rxb4 Ne6 39. Nxe6 Rxe6 40. a4 R8e7 41.
a5 Ne8 42. a6 bxa6 43. Rb8 Nc7 44. Rh8 Kg5 45. Rg1+ Kf6 46. Kf4 Ne8 47. Rxh6 Ng7
48. Rh8 Re8 0-1

[Event "World Blitz 2015"]
[Site "Berlin GER"]
[Date "2015.10.13"]
[Round "2.10"]
[White "Mamedov, Rauf"]
[Black "Vallejo Pons, Francisco"]
[Result "1/2-1/2"]
[WhiteTitle "GM"]
[BlackTitle "GM"]
[WhiteElo "2657"]
[BlackElo "2684"]
[WhiteFideId "13401653"]
[BlackFideId "2205530"]
[EventDate "2015.10.13"]

1. e4 e5 2. Nc3 Nf6 3. g3 Bc5 4. Bg2 Nc6 5. d3 a6 6. h3 d6 7. Nge2 h6 8. O-O g5
9. Be3 g4 10. h4 Bxe3 11. fxe3 Nh5 12. Nd5 O-O 13. c4 Kg7 14. Rc1 Ne7 15. Nxe7
Qxe7 16. Qe1 Bd7 17. Nc3 c6 18. Kh2 a5 19. Rd1 f5 20. exf5 Bxf5 21. d4 exd4 22.
exd4 Qxe1 23. Rdxe1 Bd3 24. Re7+ Kg6 25. Rd1 Bxc4 26. Be4+ Kf6 27. Rxb7 d5 28.
b3 Ba6 29. Rh7 dxe4 30. Rxh6+ Kg7 31. Rxh5 e3 32. Re1 Rf2+ 33. Kg1 Raf8 34. Rg5+
Kh6 35. Rxg4 Rf1+ 36. Rxf1 Rxf1+ 37. Kg2 Rf2+ 38. Kg1 Rf1+ 39. Kg2 Rc1 40. Re4
Rxc3 41. d5 e2 42. Re6+ Kg7 43. d6 Rd3 44. Rxe2 Rxd6 45. Re7+ Kf6 46. Ra7 Bd3
47. Rxa5 Bb1 48. Kf3 Rd2 49. Rc5 Bxa2 50. Rxc6+ Ke7 51. Rb6 Rd3+ 52. Kf4 Rxb3
53. Ra6 Bb1 1/2-1/2

[Event "World Blitz 2015"]
[Site "Berlin GER"]
[Date "2015.10.13"]
[Round "2.12"]
[White "Fedoseev, Vladimir3"]
[Black "Safarli, Eltaj"]
[Result "1/2-1/2"]
[WhiteTitle "GM"]
[BlackTitle "GM"]
[WhiteElo "2659"]
[BlackElo "2657"]
[WhiteFideId "24130737"]
[BlackFideId "13402129"]
[EventDate "2015.10.13"]

1. e4 e5 2. Nf3 Nc6 3. Bb5 a6 4. Ba4 d6 5. c3 Bd7 6. O-O g6 7. d4 Bg7 8. Bg5 f6
9. Be3 Nh6 10. h3 Nf7 11. dxe5 Ncxe5 12. Bb3 Nxf3+ 13. Qxf3 O-O 14. Nd2 Kh8 15.
Qg3 f5 16. Bd4 Bxd4 17. cxd4 Qf6 18. e5 dxe5 19. Bxf7 Rxf7 20. dxe5 Qe7 21. Qc3
Be6 22. Nf3 Rff8 23. Rac1 c6 24. Rfd1 Bd5 25. e6+ Kg8 26. Nd4 Rad8 27. Re1 Rfe8
28. Re3 Qf6 29. Rce1 Be4 30. Nxf5 Qxc3 31. Nh6+ Kg7 32. bxc3 Kxh6 33. Rxe4 Re7
34. f3 Kg7 35. Kf2 Rd2+ 36. R1e2 Rxe2+ 37. Kxe2 Kf6 38. Kd3 Rxe6 39. Rf4+ Ke7
40. a4 Rd6+ 41. Ke3 Re6+ 42. Kd3 Rd6+ 43. Ke3 Re6+ 1/2-1/2

[Event "World Blitz 2015"]
[Site "Berlin GER"]
[Date "2015.10.13"]
[Round "2.14"]
[White "Karjakin, Sergey"]
[Black "Petrosian, Tigran L."]
[Result "0-1"]
[WhiteTitle "GM"]
[BlackTitle "GM"]
[WhiteElo "2762"]
[BlackElo "2625"]
[WhiteFideId "14109603"]
[BlackFideId "13301616"]
[EventDate "2015.10.13"]

1. e4 d5 2. exd5 Qxd5 3. Nc3 Qd6 4. d4 Nf6 5. Nf3 g6 6. Nb5 Qd8 7. Bf4 Na6 8.
Be2 c6 9. Na3 Nc7 10. O-O Ncd5 11. Be5 Bh6 12. Re1 O-O 13. Bf1 Nf4 14. Nc4 Ng4
15. Bxf4 Bxf4 16. g3 Bh6 17. c3 Qc7 18. Qe2 Re8 19. Bg2 Bg7 20. a4 Nf6 21. Nce5
e6 22. a5 Nd7 23. a6 Nxe5 24. Nxe5 Bxe5 25. Qxe5 Qxe5 26. Rxe5 Rd8 27. axb7 Bxb7
28. Rea5 a6 29. h4 h6 30. b4 Kg7 31. Bf1 Rd5 32. R5a2 Rc8 33. Bc4 Rf5 34. f4 g5
35. Bd3 Rf6 36. Rf2 gxh4 37. gxh4 Ra8 38. Kh2 Kf8 39. Kg3 Ke7 40. Be4 Rg8+ 41.
Kf3 h5 42. Rh1 Rg4 43. Ke3 Rg3+ 44. Rf3 Rg2 45. Rhh3 Ra2 46. Rf1 a5 47. b5 Kd6
48. Rb1 Ra3 49. Kd3 Rxf4 50. Rg3 f5 51. Bf3 Rxh4 52. Rg7 Rh3 53. Rf1 Ba8 54. Kc2
Rxf3 55. Rxf3 cxb5 56. Re3 Be4+ 57. Kb2 b4 58. Rh7 Bd5 59. Rxh5 Ra2+ 60. Kb1 b3
61. Rh8 a4 62. Rd8+ Kc7 63. Rh8 a3 64. c4 Rb2+ 65. Ka1 Bxc4 66. Rc3 Rc2 67. Rxc2
bxc2 68. Rh1 f4 69. Rc1 Bd3 0-1

[Event "World Blitz 2015"]
[Site "Berlin GER"]
[Date "2015.10.13"]
[Round "2.17"]
[White "Perunovic, Milos"]
[Black "Morozevich, Alexander"]
[Result "1-0"]
[WhiteTitle "GM"]
[BlackTitle "GM"]
[WhiteElo "2622"]
[BlackElo "2711"]
[WhiteFideId "921629"]
[BlackFideId "4116992"]
[EventDate "2015.10.13"]

1. e4 c5 2. Nf3 e6 3. d4 cxd4 4. Nxd4 Nc6 5. Nc3 Qc7 6. Qd3 a6 7. Nxc6 bxc6 8.
Qg3 Qxg3 9. hxg3 d5 10. Na4 Rb8 11. exd5 cxd5 12. Be3 Nf6 13. f3 Bd6 14. g4 Bd7
15. Nb6 Bb5 16. g5 Nd7 17. Nxd7 Kxd7 18. O-O-O Bxf1 19. Rhxf1 Rb4 20. Rh1 Bf4
21. Bxf4 Rxf4 22. Rd3 Rf5 23. g6 fxg6 24. Ra3 Rg5 25. g4 h5 26. Rxa6 Rf8 27.
Ra7+ Kd6 28. Rxg7 hxg4 29. fxg4 Rf2 30. Rg1 d4 31. b4 Kd5 32. Rc7 Kd6 33. Rc4
Rd5 34. a4 e5 35. a5 Rb5 36. Kb2 Kd5 37. Kb3 Rf3+ 38. c3 d3 39. a6 Rf7 40. Ra1
Ra7 41. Rc8 e4 42. c4+ Kd4 43. cxb5 e3 44. b6 e2 45. bxa7 d2 46. Rd8+ Ke3 47.
Rxd2 Kxd2 48. a8=Q 1-0

[Event "World Blitz 2015"]
[Site "Berlin GER"]
[Date "2015.10.13"]
[Round "2.18"]
[White "Stefansson, Hannes"]
[Black "Dreev, Aleksey"]
[Result "0-1"]
[WhiteTitle "GM"]
[BlackTitle "GM"]
[WhiteElo "2602"]
[BlackElo "2644"]
[WhiteFideId "2300087"]
[BlackFideId "4100107"]
[EventDate "2015.10.13"]

1. d4 d5 2. c4 c6 3. Nf3 Nf6 4. e3 Bg4 5. h3 Bh5 6. Nc3 e6 7. g4 Bg6 8. Ne5 Nbd7
9. Qb3 Nxe5 10. dxe5 Nd7 11. Qxb7 Rb8 12. Qxc6 Bb4 13. Bd2 O-O 14. O-O-O Nxe5
15. Qa4 Nf3 16. Nb1 Nxd2 17. Nxd2 Qf6 18. Nb1 0-1

[Event "World Blitz 2015"]
[Site "Berlin GER"]
[Date "2015.10.13"]
[Round "2.19"]
[White "Leko, Peter"]
[Black "Ivanisevic, Ivan"]
[Result "1/2-1/2"]
[WhiteTitle "GM"]
[BlackTitle "GM"]
[WhiteElo "2707"]
[BlackElo "2653"]
[WhiteFideId "703303"]
[BlackFideId "912417"]
[EventDate "2015.10.13"]

1. c4 e5 2. g3 Nc6 3. Bg2 Bc5 4. Nc3 d6 5. e3 a6 6. Nge2 Ba7 7. d4 exd4 8. exd4
Nge7 9. h3 O-O 10. O-O Nf5 11. d5 Ne5 12. b3 Bd7 13. Kh2 b5 14. cxb5 axb5 15.
Ne4 Bb6 16. Bb2 Re8 17. Nd4 Qc8 18. Nf3 Ng6 19. Re1 h6 20. Qd2 Ba5 21. b4 Bb6
22. a3 Qd8 23. Re2 Ne5 24. Nxe5 dxe5 25. Nc5 Nd6 26. Rxe5 Rxe5 27. Bxe5 Nc4 28.
Qc3 Nxe5 29. Qxe5 Be8 30. Re1 Qd6 31. Qc3 Bd7 32. f4 Bf5 33. Re5 g6 34. h4 h5
35. Be4 Bg4 36. Bg2 Kh7 37. Ne4 Qd8 38. d6 cxd6 39. Rxb5 Rc8 40. Qf6 Kg8 41.
Qxd6 Be3 42. Qxd8+ Rxd8 43. Nf6+ Kg7 44. Nd5 Bc1 45. a4 Re8 46. Rc5 Ba3 47. Rc3
Bb2 48. Rc2 Bd4 49. a5 Re1 50. Nc3 Bg1+ 51. Kh1 Bd4+ 52. Kh2 Bg1+ 53. Kh1 Bd4+
54. Kh2 Bf5 55. Ne4 Bg1+ 56. Kh1 Bd4+ 57. Kh2 Bg1+ 58. Kh1 Bd4+ 59. Kh2 Bg1+ 1/2-1/2

[Event "World Blitz 2015"]
[Site "Berlin GER"]
[Date "2015.10.13"]
[Round "2.20"]
[White "Socko, Bartosz"]
[Black "Alekseev, Evgeny"]
[Result "1-0"]
[WhiteTitle "GM"]
[BlackTitle "GM"]
[WhiteElo "2599"]
[BlackElo "2642"]
[WhiteFideId "1107038"]
[BlackFideId "4138147"]
[EventDate "2015.10.13"]

1. e4 c5 2. Nf3 e6 3. d4 cxd4 4. Nxd4 Nc6 5. Nc3 a6 6. Nxc6 bxc6 7. Bd3 d5 8.
O-O Nf6 9. e5 Nd7 10. Re1 Be7 11. Qg4 Kf8 12. b3 c5 13. Na4 Bb7 14. c4 d4 15. f4
h5 16. Qh3 g6 17. Bd2 Kg7 18. Be4 Bxe4 19. Rxe4 a5 20. Qf3 Nb6 21. Rb1 Qc7 22.
Ree1 Rhb8 23. g3 Qb7 24. Kf2 Qxf3+ 25. Kxf3 Rb7 26. Ke4 Rab8 27. Nxb6 Rxb6 28.
Kd3 a4 29. Kc2 axb3+ 30. axb3 Kf8 31. Rb2 Ra6 32. Reb1 Ra3 33. Kd3 Ke8 34. Ke4
Kd7 35. b4 cxb4 36. Bxb4 Bxb4 37. Rxb4 Rxb4 38. Rxb4 Ra2 39. Rb7+ Ke8 40. h4 Ra3
41. Kxd4 Rxg3 42. Kc5 Rf3 43. Kd6 Kf8 44. c5 Rxf4 45. Rb8+ Kg7 46. c6 Rxh4 47.
c7 Rd4+ 48. Kc5 Rd1 49. c8=Q Rc1+ 50. Kd4 Rxc8 51. Rxc8 g5 52. Ke4 h4 1-0

[Event "World Blitz 2015"]
[Site "Berlin GER"]
[Date "2015.10.13"]
[Round "2.21"]
[White "Belov, Vladimir"]
[Black "Svidler, Peter"]
[Result "1/2-1/2"]
[WhiteTitle "GM"]
[BlackTitle "GM"]
[WhiteElo "2614"]
[BlackElo "2727"]
[WhiteFideId "4132394"]
[BlackFideId "4102142"]
[EventDate "2015.10.13"]

1. Nf3 c5 2. c4 Nf6 3. Nc3 d5 4. cxd5 Nxd5 5. d4 Nxc3 6. bxc3 g6 7. g3 Bg7 8.
Bg2 cxd4 9. cxd4 O-O 10. O-O Nc6 11. Bb2 Be6 12. Qa4 Qa5 13. Qxa5 Nxa5 14. Ne5
Rac8 15. Ba3 Rfe8 16. Rfc1 Bxe5 17. dxe5 Nc4 18. Bb4 a5 19. Be1 b5 20. f4 b4 21.
Bb7 Rc7 22. Ba6 Ra8 23. Bb5 Rb8 24. Ba6 Rb6 25. Bxc4 Rxc4 26. Rxc4 Bxc4 27. Kf2
Be6 28. a3 b3 29. Bxa5 Rc6 30. Rb1 Rc2 31. Ke3 Bc4 32. Kd4 Kf8 33. Bc3 Be6 34.
Rb2 Rc1 35. a4 Ke8 36. a5 Kd7 37. e4 Rd1+ 38. Kc5 Rc1 39. Kb4 Kc6 40. f5 gxf5
41. exf5 Bd5 42. Rd2 e6 43. f6 Re1 44. Bd4 Rc1 45. a6 Kc7 46. a7 Kb7 47. Bb2 Re1
48. Bd4 1/2-1/2

[Event "World Blitz 2015"]
[Site "Berlin GER"]
[Date "2015.10.13"]
[Round "2.22"]
[White "Kryvoruchko, Yuriy"]
[Black "Salem, A.R. Saleh"]
[Result "1-0"]
[WhiteTitle "GM"]
[BlackTitle "GM"]
[WhiteElo "2710"]
[BlackElo "2624"]
[WhiteFideId "14109182"]
[BlackFideId "9301348"]
[EventDate "2015.10.13"]

1. e4 c5 2. Nf3 d6 3. d4 cxd4 4. Nxd4 Nf6 5. Nc3 a6 6. g3 e6 7. Bg2 Be7 8. O-O
O-O 9. Be3 Nc6 10. f4 Qc7 11. Kh1 Rb8 12. a4 Re8 13. Qd2 Nxd4 14. Bxd4 e5 15.
Be3 Be6 16. a5 Rbc8 17. f5 Bc4 18. Rfd1 d5 19. exd5 Bb4 20. d6 Qd7 21. Bg5 e4
22. Bxf6 gxf6 23. Nxe4 Rxe4 24. Qxb4 Re2 25. Qxb7 Qxf5 26. Rf1 Qc5 27. Rad1 Rd8
28. Qc7 Qxc7 29. dxc7 Rxd1 1-0

[Event "World Blitz 2015"]
[Site "Berlin GER"]
[Date "2015.10.13"]
[Round "2.24"]
[White "Inarkiev, Ernesto"]
[Black "Matlakov, Maxim"]
[Result "1/2-1/2"]
[WhiteTitle "GM"]
[BlackTitle "GM"]
[WhiteElo "2660"]
[BlackElo "2689"]
[WhiteFideId "4162722"]
[BlackFideId "4168003"]
[EventDate "2015.10.13"]

1. d4 d5 2. c4 c6 3. Nf3 Nf6 4. e3 Bf5 5. Nc3 e6 6. Nh4 Be4 7. f3 Bg6 8. Nxg6
hxg6 9. g3 Be7 10. Kf2 c5 11. cxd5 exd5 12. Kg2 Nc6 13. Bb5 Qd7 14. dxc5 Bxc5
15. h3 Kf8 16. Ne2 a6 17. Qc2 Ba7 18. Bxc6 bxc6 19. b4 Re8 20. Nd4 Kg8 21. Qxc6
Qe7 22. Qc3 Qe5 23. Bd2 Bb8 24. Ne2 Qf5 25. Rac1 g5 26. g4 Qe6 27. Nd4 Qd7 28.
Nf5 Be5 29. Qc6 Qd8 30. Bc3 g6 31. Bxe5 Rxe5 32. Qc8 Kh7 33. Qxd8 Rxd8 34. Nd4
Rxe3 35. Rhe1 Ra3 36. Re2 Re8 37. Rd2 Nd7 38. Rc7 Ne5 39. Nb3 Nc4 40. Rf2 Kg7
41. f4 Ne3+ 42. Kg1 gxf4 43. Rxf4 Rxa2 44. Rcxf7+ Kh6 45. h4 Rg2+ 46. Kh1 Rxg4
47. Rxg4 Nxg4 48. Nc5 d4 49. Rd7 Re1+ 50. Kg2 Ne3+ 51. Kf2 Rd1 52. Nxa6 Ng4+ 53.
Ke2 Ra1 54. Rxd4 Ra2+ 55. Kf3 Nh2+ 56. Kf4 Rxa6 57. Rd2 Rf6+ 58. Ke4 Ng4 59. b5
Rb6 60. Rb2 Nf6+ 61. Kd4 Nd7 62. Kc4 Kh5 63. Rd2 Rb7 64. Rd4 Rc7+ 65. Kb4 Ra7
66. Rd6 Ne5 67. Rd5 Re7 68. Kc5 Kxh4 69. Kd6 Rb7 70. Rxe5 g5 71. Kc6 Rb8 72. b6
g4 73. Kc7 Rxb6 74. Kxb6 g3 75. Re2 Kh3 76. Kc5 g2 77. Re1 Kh2 78. Kd4 g1=R 79.
Rxg1 Kxg1 1/2-1/2

[Event "World Blitz 2015"]
[Site "Berlin GER"]
[Date "2015.10.13"]
[Round "2.26"]
[White "Moiseenko, Alexander"]
[Black "Korobov, Anton"]
[Result "1/2-1/2"]
[WhiteTitle "GM"]
[BlackTitle "GM"]
[WhiteElo "2692"]
[BlackElo "2700"]
[WhiteFideId "14102560"]
[BlackFideId "14105730"]
[EventDate "2015.10.13"]

1. d4 Nf6 2. c4 e6 3. Nf3 b6 4. g3 Bb7 5. Bg2 Be7 6. O-O O-O 7. Re1 Ne4 8. Nfd2
d5 9. cxd5 exd5 10. Nxe4 dxe4 11. Nc3 f5 12. Bf4 Bd6 13. Qb3+ Kh8 14. Bxd6 cxd6
15. e3 Nd7 16. Rac1 Nf6 17. Nb5 Nd5 18. Nc3 Nf6 19. Nb5 Nd5 20. Nc3 1/2-1/2